The pump house gang (Record no. 14292)
[ view plain ]
| 000 -LEADER | |
|---|---|
| fixed length control field | 00351nam a2200145Ia 4500 |
| 020 ## - INTERNATIONAL STANDARD BOOK NUMBER | |
| ISBN | 0374520704 (pbk.) |
| 040 ## - CATALOGING SOURCE | |
| Transcribing agency | NVC |
| 082 ## - DEWEY DECIMAL CLASSIFICATION NUMBER | |
| Classification number | 917 NOO 1968 A103 Or. |
| 100 1# - MAIN ENTRY--AUTHOR NAME | |
| Personal name | Wolfe, Tom |
| 245 14 - TITLE STATEMENT | |
| Title | The pump house gang |
| 260 ## - PUBLICATION, DISTRIBUTION, ETC. (IMPRINT) | |
| Place of publication | New York, |
| Name of publisher | Noonday Press, |
| Year of publication | 1968, |
| 300 ## - PHYSICAL DESCRIPTION | |
| Number of Pages | x, 309 p. : |
| Other physical details | ill. ; |
| Dimensions | 22 cm |
| 650 #0 - SUBJECT ADDED ENTRY--TOPICAL TERM | |
| Topical Term | Social status |
| 942 ## - ADDED ENTRY ELEMENTS (KOHA) | |
| Koha item type | សៀវភៅភាសាអង់គ្លេស |
| 952 ## - LOCATION AND ITEM INFORMATION (KOHA) | |
| Withdrawn status [LOCAL, KOHA] | 0 |
| Permanent Location | Date acquired | Koha item type | Lost status | Shelving location | Barcode | Current Location | Full call number |
|---|---|---|---|---|---|---|---|
| Library Block A | 2017-10-11 | សៀវភៅភាសាអង់គ្លេស | A103 | A14019 | Library Block A | 917 NOO 1968 A103 Or. |